00840cam a22002414a 4500001001300000003000400013005001700017008004100034010001700075040001300092042000800105043001200113050002400125100002200149245014300171246003100314260003600345300001900381504004100400505010000441650004000541999001700581e 09000045 DLC20260227111150.0990601s1888 fr b 000 0 fre  ae 09000045  aDLCcDLC apcc ae-fr---00aLA713.M33bM27 18881 aMarie-Cardine, W.10aHistoire de l'enseignement dans le Département de la Manche de 1789 à 1808, d'après des documents inédits /cpar W. Marie-Cardine.30aHistoire de l'enseignement aSaint-Lo :bP. Prével,c1888. a2 v. ;c25 cm. aIncludes bibliographical references.0 at. 1. Du 5 mai 1789 au 5 fructidor an III -- t. 2. Du 5 fructidor an III au 13 décembre 1808. 0aEducationzFrancezManchexHistory. c18753d18753